[Event "AUTO-OPEN-958"]
[Site "http://www.queenalice.com/game.php?id=331447"]
[Date "2008.1.5"]
[Round "1"]
[White "samurai007"]
[Black "MGimenes"]
[Result "0-1"]
[WhiteElo "1598"]
[BlackElo "1845"]

1. e4 e6 2. d4 d5 3. Nc3 Bb4 4. e5 c5 5. a3 Bxc3+ 6. bxc3 cxd4 7. cxd4 Ne7 8.
Bg5 Nbc6 9. c3 Qa5 10. Qb3 Nxd4 11. Qb2 Nec6 12. Bd2 Nf5 13. Bb5 Bd7 14. Bxc6
Bxc6 15. Nf3 O-O 16. O-O Rfc8 17. c4 Qc7 18. cxd5 Bxd5 19. Bg5 Qc3 20. Qxc3 Rxc3
21. Nh4 Nxh4 22. Bxh4 Rac8 23. a4 Bb3 24. a5 R8c5 25. f4 Rc2 26. Bf2 Bd5 27.
Rfd1 R5c4 28. h3 Rxf4 29. Rf1 h6 30. Rad1 Bc4 0-1

[Event "Challenge"]
[Site "http://www.queenalice.com/game.php?id=331634"]
[Date "2008.1.6"]
[Round "-"]
[White "samurai007"]
[Black "Chazam"]
[Result "1-0"]
[WhiteElo "1469"]
[BlackElo "1552"]

1. e4 e5 2. Bc4 Nf6 3. d4 Nxe4 4. Nf3 exd4 5. Qxd4 Nc5 6. O-O Ne6 7. Re1 Be7 8.
Qd5 c6 9. Qf5 g6 10. Qe5 Bf6 11. Qf4 Be7 12. Qh6 Bf6 13. Bg5 b5 14. Bxe6 dxe6
15. Nc3 Nd7 16. Rad1 Qe7 17. Ne4 Bxg5 18. Nexg5 Nf6 19. Ne5 a6 20. Nexf7 Bb7 21.
Nxh8 Nd7 22. Rxe6 Qxe6 23. Nxe6 1-0

[Event "Challenge"]
[Site "http://www.queenalice.com/game.php?id=331684"]
[Date "2008.1.6"]
[Round "-"]
[White "samurai007"]
[Black "dtrainey"]
[Result "1-0"]
[WhiteElo "1583"]
[BlackElo "1556"]

1. e4 c5 2. Bc4 e6 3. Nc3 h6 4. Nf3 Qc7 5. d3 a6 6. Be3 b5 7. Bb3 Qa5 8. O-O Bd6
9. a4 b4 10. Ne2 Nc6 11. Bd2 Ne5 12. Nf4 Nf6 13. h3 g6 14. Re1 g5 15. Ne2 Nxf3+
16. gxf3 Be5 17. c3 d5 18. exd5 exd5 19. d4 Bd6 20. cxb4 cxb4 21. Nc3+ Be6 22.
Na2 O-O 23. Kg2 Rfe8 24. Bc2 Nh5 25. Bb1 Bf4 26. Qc2 Bxd2 27. Qh7+ Kf8 28. Qxh6+
Ng7 29. Re5 b3 30. Nc3 Bf4 31. Re2 Qb6 32. Qh8+ Ke7 33. Qxg7 Rg8 34. Qxg8 Rxg8
35. Nxd5+ Kd6 36. Nxb6 a5 37. Be4 Rh8 38. Rh1 Rb8 39. d5 Rxb6 40. dxe6 fxe6 41.
Rd1+ Ke5 42. Bd3+ Kf6 43. Bc4 e5 44. Rd3 Kf5 45. Bxb3 Rb4 46. Bc2 e4 47. fxe4+
Ke5 48. Rd5+ Ke6 49. Rb5 Bd6 50. Rxa5 Rxb2 51. Ra6 Ke5 52. Ra5+ Ke6 53. Rxg5 Be5
54. Rg8 Ra2 55. Bb3+ 1-0

[Event "AUTO-OPEN-935"]
[Site "http://www.queenalice.com/game.php?id=384459"]
[Date "2008.4.9"]
[Round "2"]
[White "Camaraujo"]
[Black "samurai007"]
[Result "1-0"]
[WhiteElo "2311"]
[BlackElo "1683"]

1. d4 d5 2. c4 Nf6 3. Nf3 e6 4. Nc3 Nc6 5. e3 Be7 6. Bd3 O-O 7. O-O Nb4 8. Be2
Ne4 9. Nxe4 dxe4 10. Nd2 f5 11. a3 Nc6 12. b4 Qd7 13. Bb2 Bf6 14. b5 Ne7 15. Kh1
a6 16. a4 b6 17. Nb3 a5 18. c5 Nd5 19. Qc2 Nb4 20. Qc4 Qf7 21. Ba3 e5 22. Qxf7+
Kxf7 23. cxb6 cxb6 24. Bc4+ Be6 25. d5 Bd7 26. Nd2 Rfd8 27. d6+ Kg6 28. Bb3 Rac8
29. Rab1 Rc3 30. g4 Kg5 31. f3 exf3 32. Rxf3 Kxg4 33. Rg3+ Kh4 34. Nf3+ Kh5 35.
Bf7+ g6 36. Rh3+ Kg4 37. Rg1+ Kxh3 38. Rg3# 1-0

[Event "AUTO-OPEN-935"]
[Site "http://www.queenalice.com/game.php?id=384460"]
[Date "2008.4.9"]
[Round "2"]
[White "samurai007"]
[Black "Camaraujo"]
[Result "1-0"]
[WhiteElo "1681"]
[BlackElo "2011"]

1. e4 e5 2. Nf3 Nc6 3. Bb5 Nf6 4. O-O Nxe4 5. Re1 Nd6 6. Bxc6 dxc6 7. d4 e4 8.
Bf4 Be7 9. Bxd6 cxd6 10. Rxe4 O-O 11. c4 d5 12. cxd5 cxd5 13. Re3 Qd6 14. Nc3
Be6 15. Qb3 Rfe8 16. Rae1 Kh8 17. Ne5 Qb4 18. Qxb4 Bxb4 19. Nd3 Ba5 20. b4 Bb6
21. Nc5 Bxc5 22. bxc5 Rec8 23. Nb5 b6 24. Rc3 Rc6 25. Nxa7 Rc7 26. Nb5 Rc6 27.
cxb6 Rxb6 28. Nc7 Rf8 29. a4 Rb4 30. a5 Ra4 31. a6 Bc8 32. Rc6 f5 33. f4 Ra2 34.
Rd6 Kg8 35. Re5 Ra1+ 36. Kf2 Ra2+ 37. Ke3 Ra3+ 38. Kd2 Ra2+ 39. Kc3 h6 40. h3
Kh7 41. Rexd5 Rf7 42. Rc5 Re7 43. Kb3 1-0

[Event "AUTO-OPEN-935"]
[Site "http://www.queenalice.com/game.php?id=384465"]
[Date "2008.4.9"]
[Round "2"]
[White "samurai007"]
[Black "Leodecaprio"]
[Result "0-1"]
[WhiteElo "1768"]
[BlackElo "2006"]

1. e4 e5 2. Nf3 Nc6 3. Bb5 f5 4. Nc3 fxe4 5. Nxe4 d5 6. Nxe5 dxe4 7. Nxc6 Qg5 8.
Qe2 Nf6 9. f4 Qxf4 10. Ne5+ c6 11. d4 Qh4+ 12. g3 Qh3 13. Bc4 Be6 14. Bg5 Bd6
15. O-O-O O-O-O 16. Qf1 Bxe5 17. Qxh3 Bxh3 18. dxe5 Rxd1+ 19. Rxd1 Nd7 20. e6
Nf6 21. Re1 Bf5 22. Bxf6 gxf6 23. Rf1 Bg4 24. Rxf6 Rd8 25. b4 e3 26. e7 Rd1+ 27.
Kb2 Kd7 28. Rf7 e2 29. h3 e1=Q 30. hxg4 Rb1+ 31. Ka3 Qxb4# 0-1

[Event "AUTO-OPEN-935"]
[Site "http://www.queenalice.com/game.php?id=384466"]
[Date "2008.4.9"]
[Round "2"]
[White "Leodecaprio"]
[Black "samurai007"]
[Result "0-1"]
[WhiteElo "2052"]
[BlackElo "1710"]

1. e4 c5 2. Nf3 d6 3. c3 Nf6 4. d3 Nc6 5. g3 g6 6. Bg2 Bg7 7. O-O O-O 8. Nbd2 b5
9. Qe2 Bg4 10. h3 Bd7 11. Re1 e5 12. Nf1 Qc8 13. Kh2 Qc7 14. Ne3 a5 15. Ng4
Nxg4+ 16. hxg4 Bxg4 17. Be3 f5 18. exf5 Rxf5 19. Bxc5 Raf8 20. Qe4 Bxf3 21. Bxf3
Rxf3 22. Be3 Ne7 23. Kg2 R3f5 24. g4 R5f6 25. Rh1 d5 0-1

[Event "AUTO-OPEN-935"]
[Site "http://www.queenalice.com/game.php?id=430298"]
[Date "2008.7.9"]
[Round "3"]
[White "dante72"]
[Black "samurai007"]
[Result "1-0"]
[WhiteElo "1903"]
[BlackElo "1814"]

1. e4 e5 2. Nf3 Nc6 3. Bc4 Bc5 4. c3 Nf6 5. d3 d6 6. Ng5 O-O 7. O-O a6 8. Be3
Bxe3 9. fxe3 Na5 10. Bb3 d5 11. exd5 Ng4 12. Nf3 Nxe3 13. Qe2 Nxf1 14. Qxf1 Nxb3
15. axb3 Qxd5 16. Nbd2 f6 17. b4 Rd8 18. Ne1 b6 19. Nef3 Bb7 20. c4 Qe6 21. b3
b5 22. Ne4 1-0

[Event "AUTO-OPEN-935"]
[Site "http://www.queenalice.com/game.php?id=430299"]
[Date "2008.7.9"]
[Round "3"]
[White "samurai007"]
[Black "dante72"]
[Result "0-1"]
[WhiteElo "1827"]
[BlackElo "1890"]

1. e4 e5 2. Nf3 Nc6 3. Bb5 a6 4. Bxc6 dxc6 5. O-O Bg4 6. h3 Bh5 7. g4 Bg6 8.
Nxe5 Bd6 9. Nxg6 hxg6 10. Qf3 Qh4 11. Kg2 Nf6 12. d4 Be7 13. Nc3 Nd7 14. Be3 Nf6
15. Rh1 O-O-O 16. e5 Nd5 17. Nxd5 cxd5 18. Qxf7 Rhg8 19. f4 c6 20. Bf2 Qh6 21.
Qxe7 Qxf4 22. Qe6+ Kb8 23. Qxg6 Rdf8 0-1